Statistics for Ballon d'Or Winners Since 1956

Click here to take the quiz!

General Stats

  • This quiz has been taken 96 times
  • The average score is 48 of 64

Answer Stats

YearNationalityClubWinner% Correct
2008PortugueseReal MadridCristiano Ronaldo
100%
2017PortugueseReal MadridCristiano Ronaldo
100%
2016PortugueseReal MadridCristiano Ronaldo
100%
2014PortugueseReal MadridCristiano Ronaldo
100%
2013PortugueseReal MadridCristiano Ronaldo
100%
2019ArgentineBarcelonaLionel Messi
100%
2011ArgentineBarcelonaLionel Messi
100%
2010ArgentineBarcelonaLionel Messi
100%
2009ArgentineBarcelonaLionel Messi
100%
2012ArgentineBarcelonaLionel Messi
100%
2015ArgentineBarcelonaLionel Messi
100%
2002BrazilianReal MadridRonaldo
100%
1997BrazilianInternazionaleRonaldo
100%
2005BrazilianBarcelonaRonaldinho
96%
2007BrazilianMilanKaká
94%
2018CroatianReal MadridLuka Modrić
93%
1998FrenchJuventusZinedine Zidane
92%
2000PortugueseReal MadridLuís Figo
89%
2003CzechJuventusPavel Nedvěd
89%
2004UkrainianMilanAndriy Shevchenko
88%
1989DutchMilanMarco Van Basten
88%
1992DutchMilanMarco Van Basten
88%
1988DutchMilanMarco Van Basten
88%
2006ItalianReal MadridFabio Cannavaro
87%
2001EnglishLiverpoolMichael Owen
87%
1995LiberianMilanGeorge Weah
85%
1971DutchAjaxJohan Cruyff
85%
1973DutchBarcelonaJohan Cruyff
85%
1974DutchBarcelonaJohan Cruyff
85%
1983FrenchJuventusMichel Platini
83%
1984FrenchJuventusMichel Platini
83%
1985FrenchJuventusMichel Platini
83%
1970GermanBayern MunichGerd Müller
81%
1999BrazilianBarcelonaRivaldo
80%
1994BulgarianBarcelonaHristo Stoichkov
79%
1965PortugueseBenficaEusébio
78%
1976GermanBayern MunichFranz Beckenbauer
76%
1972GermanBayern MunichFranz Beckenbauer
76%
1957SpanishReal MadridAlfredo Di Stéfano
75%
1959SpanishReal MadridAlfredo Di Stéfano
75%
1990GermanInternazionaleLothar Matthäus
75%
1968Northern IrishManchester UnitedGeorge Best
74%
1987DutchMilanRuud Gullit
72%
1963SovietDynamo MoscowLev Yashin
67%
1966EnglishManchester UnitedBobby Charlton
64%
1993ItalianJuventusRoberto Baggio
62%
1980GermanBayern MunichKarl-Heinz Rummenigge
60%
1981GermanBayern MunichKarl-Heinz Rummenigge
60%
1991FrenchMarseilleJean-Pierre Papin
58%
1996GermanBorussia DortmundMatthias Sammer
56%
1979EnglishHamburgKevin Keegan
54%
1978EnglishHamburgKevin Keegan
54%
1982ItalianJuventusPaolo Rossi
48%
1956EnglishBlackpoolStanley Matthews
46%
1960SpanishBarcelonaLuis Suárez
40%
1958FrenchReal MadridRaymond Kopa
39%
1964ScottishManchester UnitedDenis Law
38%
1969ItalianMilanGianni Rivera
35%
1975SovietDynamo KyivOleg Blokhin
33%
1962Czech RepublicDukla PragueJosef Masopust
28%
1977DanishBorussia MönchengladbachAllan Simonsen
27%
1967HungarianFerencvárosFlórián Albert
27%
1986SovietDynamo KyivIgor Belanov
27%
1961ItalyJuventusOmar Sívori
22%

Score Distribution

Percentile by Number Answered

Percent of People with Each Score

Your Score History

You have not taken this quiz